000 01090nam a2200265Ia 4500
003 OSt
005 20201005144639.0
008 191128s1978 ck a gr 000 0 spa d
040 _aCO-JMCR
_cCO-JMCR
041 0 _aspa
082 0 4 _a629.133 /
_bC771a
_223
100 1 _aCook, Graeme,
_eautor
_911225
245 1 0 _aAeronaves /
_cGraeme Cook ; ilustraciones John Wood ; edición Alejandro Martínez Cáceres
260 _aBogotá :
_bNorma,
_c1978.
300 _a48 páginas :
_bilustraciones a color ;
_c28 cm.
490 0 _aLo extraño y lo maravilloso
500 _aIcluye índice de ilustraciones
505 0 _aGlobos dirigibles -- Planeadores -- Inventos insólitos -- Primeros vuelos impulsados por motor -- Hidroaviones -- Aviones de combate -- Bombardero -- Aviones de carga y pasajeros -- Aviones deportivos -- Helícopteros y autogiros.
650 2 4 _aAviones
_xHistoria
_911235
650 2 4 _aAeronaves
_911236
650 2 4 _aHidroaviones
_911237
700 1 _aWood, John,
_eilustrador
_911238
700 1 _a Martínez Cáceres, Alejandro,
_eeditor
_911239
942 _2ddc
_cBK
999 _c3723
_d3723